The beginning to read A : (Record no. 113006)
[ view plain ]
| 000 -LEADER | |
|---|---|
| fixed length control field | 00795nam a2200253 a 4500 |
| 001 - CONTROL NUMBER | |
| control field | 1209 |
| 005 - DATE AND TIME OF LATEST TRANSACTION | |
| control field | 20140414131958.0 |
| 008 - FIXED-LENGTH DATA ELEMENTS--GENERAL INFORMATION | |
| fixed length control field | 041110s19uu xx 00 eng d |
| 020 ## - INTERNATIONAL STANDARD BOOK NUMBER | |
| International Standard Book Number | 0-395-48009-4 |
| 050 ## - LIBRARY OF CONGRESS CALL NUMBER | |
| Classification number | TR 808.83 |
| Item number | B417 Bk. A |
| 245 ## - TITLE STATEMENT | |
| Title | The beginning to read A : |
| Remainder of title | big bears and little bears. |
| 260 ## - PUBLICATION, DISTRIBUTION, ETC. (IMPRINT) | |
| Place of publication, distribution, etc | Boston, MA : |
| Name of publisher, distributor, etc | Houghton Mifflin, |
| Date of publication, distribution, etc | 1989. |
| 300 ## - PHYSICAL DESCRIPTION | |
| Extent | 80 p. : ill. ; cm. |
| 440 ## - SERIES STATEMENT/ADDED ENTRY--TITLE | |
| Title | Houghton Mifflin Readers |
| 500 ## - GENERAL NOTE | |
| General note | Contents: Mary wore her red dress and Henry wore his green sneakers--The boat--Sleepy bear--Come In, Boo Bear--Just like daddy--Good night, Good night--The hat. |
| 650 ## - SUBJECT ADDED ENTRY--TOPICAL TERM | |
| Topical term or geographic name as entry element | Reading. |
| 650 ## - SUBJECT ADDED ENTRY--TOPICAL TERM | |
| Topical term or geographic name as entry element | Children stories. |
| Withdrawn status | Lost status | Damaged status | Use restrictions | Home library | Current library | Shelving location | Date acquired | Source of acquisition | Total Checkouts | Full call number | Barcode | Date last seen | Price effective from | Koha item type |
|---|---|---|---|---|---|---|---|---|---|---|---|---|---|---|
| Munich Library | Munich Library | Teachers Reference Section | 11/10/2004 | TR 808.83 B417 Bk. A | M4438 | 04/14/2014 | 04/14/2014 | Books | ||||||
| Munich Library | Munich Library | Teachers Reference Section | 02/09/2011 | TR 808.83 B417 Bk. A | M4439 | 04/14/2014 | 04/14/2014 | Books | ||||||
| Munich Library | Munich Library | Teachers Reference Section | 02/09/2011 | TR 808.83 B417 Bk. A | M4440 | 04/14/2014 | 04/14/2014 | Books | ||||||
| Munich Library | Munich Library | Teachers Reference Section | 02/09/2011 | TR 808.83 B417 Bk. A | M4441 | 04/14/2014 | 04/14/2014 | Books | ||||||
| Munich Library | Munich Library | Teachers Reference Section | 02/09/2011 | TR 808.83 B417 Bk. A | M4442 | 04/14/2014 | 04/14/2014 | Books | ||||||
| Munich Library | Munich Library | Teachers Reference Section | 02/12/2011 | TR 808.83 B417 Bk. A | M4531 | 04/14/2014 | 04/14/2014 | Books |